000 01063nam0a22003011 4500
001 rc\3169145
005 20250530090045.0
021 _aRU
_b[76-33440]
035 _a(NLR Aleph) 007328165
090 _a5981239
_c5981239
100 _a20120615d1976 |||y0rusy50 ca
101 0 _arus
102 _aRU
105 _aa z |||||
200 1 _aПанкреатодуоденальная резекция
_fМ.П. Постолов, М.П. Кукса
210 _aТашкент
_cМедицина
_d1976
215 _a134 с.
_cил.
_d17
300 _aНа пер. авт. не указаны
320 _aСписок лит.: с. 129-133
606 _aДвенадцатиперстная кишка
_xХирургия
_2psbo
606 _aПоджелудочная железа
_xХирургия
_2psbo
700 1 _aПостолов
_bМ.П.
_gМихаил Петрович
701 1 _aКукса
_bМ.П.
_gМихаил Павлович
801 0 _aRU
_bNLR
_gpsbo
801 1 _aRU
_bELAR
_2rusmarc
852 _aNLR
_j76-2/1880
942 _cBOOK
980 _aNB